00724nam a2200229 i 4500001000300000100001900003245004300022260002800065650002400093650001900117650002600136650001500162040000800177041000800185080001700193942000700210008004100217999001700258856009800275952006000373952006100433bg1 aLWOWICZ, M. I. 0aZasoby wodne świata /cM.I. Lwowicz. aWarszawa :bPWN,c1979. 9aWody powierzchniowe 9aWody podziemne 9aWody śródlądowe 9aHydrologia cBPK apol a91:556](100) cKS s pl f |000 0 pol  c18993d18993 uhttp://koha.tu.koszalin.pl/cgi-bin/koha/opac-detail.pl?biblionumber=18993yKatalog online BPK 00104071aELBUDbELBUDcbo26657p02223148t556 HyKS 00104070aBPKbBPKcwo26658p01652093s2019-02-20yKS